Normal view
MARC view
- 1- INDIA ECONOMIC POLICY-1991 2- CAPITAL MARKET INDIA
Entry Topical Term
001 - CONTROL NUMBER
- control field: 63639
003 - CONTROL NUMBER IDENTIFIER
- control field: NUST
005 - DATE AND TIME OF LATEST TRANSACTION
- control field: 20210628203141.0
008 - FIXED-LENGTH DATA ELEMENTS
- fixed length control field: 210628|| aca||aabn | a|a d
040 ## - CATALOGING SOURCE
- Original cataloging agency: NUST
- Transcribing agency: NUST
150 ## - HEADING--TOPICAL TERM
- Topical term or geographic name entry element: 1- INDIA ECONOMIC POLICY-1991 2- CAPITAL MARKET INDIA
670 ## - SOURCE DATA FOUND
- Source citation: Work cat.: (NUST): Nobrega, William , Sinha, Ashish 63638, Riding the indian tiger , understanding india the world's fastest growing market, 2008
